00650nam a2200193Ia 4500952012200000999001700122003000400139005001700143008004100160020001500201040000900216082002000225100003100245245004200276260007300318300000800391650001100399942004600410 00102ddc40708POEaMESbMEScMALd2019-02-20l0o894.8121 RAV/Gp39980r2019-02-20 00:00:00w2019-02-20yBKzGR2R4 c30127d30127OSt20201216102030.0190216s9999||||xx |||||||||||||| ||und|| a8177480367 coclc a894.8121bRAV/G aRavindran, Pulakkatt97548 0aGarudaddhwani /cPulakkatt Ravindran  bCalicut University Central Co-Operative,c2002.acalicut university: a48p aPoetry cBK2ddch894.8121iRAV/Gk894.8121mRAV/G